000 01179naa a2200217 i 4500
001 3370
003 KOSZ 005
005 20180427111605.0
008 141211s2001 pl f |100 0 pol
040 _cBPK
_dKOSZ 005/EG
080 _a629.067
100 1 _aSŁOWIŃSKI, Bronisław.
_d1996 - .
_bPolitechnika Koszalińska - Wydział Mechaniczny,
_cKatedra Inżynierii Produkcji, Zakład Metrologii i Jakości
245 1 0 _aSamochodowy cerber, czyli jak zabezpieczamy swoje samochody /
_cBronisław Słowiński.
500 _aDane z autopsji.
520 _aW artykule przedstawiono dwa główne rodzaje zabezpieczeń samochodowych : mechaniczne i elektroniczne, oraz ich wady i zalety. Omówiono czynniki wpływające na zakup i stosowanie systemów zabezpieczających.
650 0 _aSamochody - bezpieczeństwo - urządzenia.
655 0 _aMateriały konferencyjne.
711 2 2 _aSłupskie Forum Motoryzacji
_n(4 ;
_d2001 ;
_cSłupsk, Polska).
773 0 _iW :
_tProblemy bezpieczeństwa współczesnej motoryzacji : IV Słupskie Forum Motoryzacji, Słupsk 12-13 maja 2001. -
_dSłupsk : Starostwo Powiatowe w Słupsku, 2001. -
_gs. 175-184
942 _cROZ
_2UKD
999 _c3370
_d3370